000 01188na a2200313 4500
001 22086
003 MIRAKIL
005 20181213154912.0
008 170210b tu 000 0
040 _aMilas
_btur
_cTR-AnCHP
041 _atur
090 _aSHP 5
100 _aKarayalçın, Murat
_cSHP Genel Başkanı
222 _aGenel Başkan Murat Karayalçın'ın konuşmaları
245 _aGenel başkan Murat Karayalçın'ın 3 Mayıs 1994 tarihli TBMM Genel Kurulunda yeni hükümet tartışmaları üzerinde yaptığı konuşma
_c[Murat Karayalçın]
260 _aAnkara
_b[SHP]
_c3 Mayıs 1994
300 _a12 s.
_c20 sm.
440 _aSHP yayınları
_pSöylev ve demeçler
600 _aKarayalçın, Murat
_xSöylev ve demeçler
600 _aKarayalçın, Murat
_cSHP Genel Başkanı
_xKonuşmalar, 1994
610 _aSHP
_xSöylev ve demeçler
650 _aSHP Genel başkanları
_xKarayalçın, Murat
_yKonuşmalar, 1994
_yPolitika ve hükümet
657 _aMurat Karayalçın'ın konuşmaları
710 _aSHP
740 _aSHP Genel Başkanı Murat Karayalçınl'ın Konuşmaları
830 _aSHP yayınları
942 _2dcc
_cBKS
999 _c2883
_d2883